LEADER 01194nam0-2200373---450 001 990005667570203316 005 20190403124958.0 035 $a000566757 035 $aUSA01000566757 035 $a(ALEPH)000566757USA01 035 $a000566757 100 $a20050411e19771772|||y0itaa50------ba 101 $aita 102 $ait 105 $a0 00||| 200 1 $aElogio storico del signor abate Antonio Genovesi, pubblico professore di civil economia nella Universita' di Napoli$f[G. M. Galanti] 205 $aRist. anast 210 $a[Napoli$cBibliopolis$d1977] 215 $a176, 61 p.$d20 cm 620 $dNAPOLI 676 $a195 700 1$aGALANTI,$bGiuseppe Maria$036576 702 1$aGENOVESI,$bAntonio$f<1713-1769> 801 0$aIT$bSA$c20111219 912 $a990005667570203316 950 0$aDipar.to di Filosofia - Salerno$dDFAA 195 GAL$e636 FIL 951 $aAA 195 GAL$b636 FIL 959 $aBK 969 $aFIL 979 $c20121027$lUSA01$h1525 979 $c20121027$lUSA01$h1615 996 $aElogio storico del signor abate Antonio Genovesi, pubblico professore di civil economia nella Universitą di Napoli$965964 997 $aUNISA NUM $aSA0013401 LEADER 01187nam 2200397 450 001 9910467505503321 010 $a1-61249-572-9 035 $a(CKB)4100000008153909 035 $a(MiAaPQ)EBC5771361 035 $a(EXLCZ)994100000008153909 100 $a20190527d2019 uy 0 101 0 $aeng 135 $aurcnu|||||||| 181 $ctxt$2rdacontent 182 $cc$2rdamedia 183 $acr$2rdacarrier 200 10$aManufacturing facilities design & material handling /$fMatthew P. Stephens 205 $aSixth edition. 210 1$aWest Lafayette, Indiana :$cPurdue University Press,$d[2019] 210 4$d©2019 215 $a1 online resource (524 pages) 311 $a1-55753-859-X 606 $aPlant engineering 606 $aFactories$xDesign and construction 608 $aElectronic books. 615 0$aPlant engineering. 615 0$aFactories$xDesign and construction. 676 $a658.2 700 $aStephens$b Matthew P.$0969957 801 0$bMiAaPQ 801 1$bMiAaPQ 801 2$bMiAaPQ 906 $aBOOK 912 $a9910467505503321 996 $aManufacturing facilities design & material handling$92204826 997 $aUNINA